Cracking the CSAT Paper 2: (Record no. 77201)
[ view plain ]
| 000 -LEADER | |
|---|---|
| fixed length control field | 00628nam a22001937a 4500 |
| 005 - DATE AND TIME OF LATEST TRANSACTION | |
| control field | 20130704155142.0 |
| 010 ## - LCCN (DPL NO) | |
| LC control number | B-508988-989 |
| 020 ## - INTERNATIONAL STANDARD BOOK NUMBER | |
| Terms of availability | 710.00 |
| International Standard Book Number | 9789350940464 |
| 035 ## - SYSTEM CONTROL NUMBER | |
| System control number | B-508990-991 |
| 037 ## - SOURCE OF ACQUISITION | |
| Source of stock number/acquisition | KBD/Ven |
| 082 ## - DEWEY DECIMAL CLASSIFICATION NUMBER | |
| Classification number | 000 |
| 245 ## - TITLE STATEMENT | |
| Title | Cracking the CSAT Paper 2: |
| Remainder of title | civil services aptitude test/ |
| 260 ## - PUBLICATION, DISTRIBUTION, ETC. (IMPRINT) | |
| Place of publication, distribution, etc | New Delhi |
| Name of publisher, distributor, etc | Arihant |
| 270 ## - ADDRESS | |
| Address | 4577/15, Agarwal Road, Darya Ganj |
| City | New Delhi |
| Postal code | 110022 |
| 300 ## - PHYSICAL DESCRIPTION | |
| Extent | 984p. |
| Dimensions | 26cm(pbk) |
| 700 ## - ADDED ENTRY--PERSONAL NAME | |
| Dates associated with a name | K.J.Rajendra Prasad |
| 942 ## - ADDED ENTRY ELEMENTS (KOHA) | |
| Source of classification or shelving scheme | Dewey Decimal Classification |
| Item type | English Books |
| Classification part | 000 |
| Call number suffix | CRA |
| Withdrawn status | Lost status | Not for loan | Collection code | Home library | Current library | Date acquired | Source of acquisition | Cost, normal purchase price | Full call number | Barcode | Copy number | Cost, replacement price | Koha item type |
|---|---|---|---|---|---|---|---|---|---|---|---|---|---|
| Non-fiction | Sarojini Nagar | Sarojini Nagar | 04/07/2013 | KBD/BL20/19.03.2013/171/08.01.2013/22.3.2013 | 710.00 | 000 CRA | B-508988 | 1 | 710.00 | English Books | |||
| Non-fiction | Sarojini Nagar | Sarojini Nagar | 04/07/2013 | KBD/BL20/19.03.2013/171/08.01.2013/22.3.2013 | 710.00 | 000 CRA | B-508989 | 1 | 710.00 | English Books |
